[Event "Belgrade Premier League"]
[Site "Belgrade"]
[Date "2021.10.12"]
[Round "11.2"]
[White "Vujovic, Vera"]
[Black "Nikolajevic, Branislav"]
[Result "0-1"]
[WhiteElo "1267"]
[BlackElo "2145"]
[PlyCount "34"]
[EventDate "2021.10.01"]
[EventType "team-tourn"]
[EventRounds "11"]
[EventCountry "SRB"]
[SourceTitle "CBM 204 Extra"]
[Source "ChessBase"]
[SourceDate "2021.11.30"]
[SourceVersion "1"]
[SourceVersionDate "2021.11.30"]
[SourceQuality "1"]
[WhiteTeam "Mirijevo"]
[BlackTeam "Belgrade"]
[WhiteTeamCountry "SRB"]
[BlackTeamCountry "SRB"]

1. e4 c5 2. Nf3 Nc6 3. d4 cxd4 4. Nxd4 Nf6 5. Nc3 e5 6. Ndb5 d6 7. Bg5 a6 8. Bxf6 gxf6 9. Na3 b5 10. Nd5 Be6 11. c4 Bh6 12. Nxf6+ Qxf6 13. Qxd6 Nd4 14. Rd1 Bf8 15. Qc7 Qf4 16. Nb1 Qxe4+ 17. Be2 Qxe2# 0-1

[Event "Belgrade-chT"]
[Site "Belgrade"]
[Date "2017.10.07"]
[Round "2.7"]
[White "Nikolajevic, Branislav"]
[Black "Prentic, Igor"]
[Result "1-0"]
[WhiteElo "2141"]
[BlackElo "2044"]
[PlyCount "67"]
[EventDate "2017.10.01"]
[EventType "team-tourn"]
[EventRounds "11"]
[EventCountry "SRB"]
[SourceTitle "CBM 181 Extra"]
[Source "ChessBase"]
[SourceDate "2017.12.12"]
[SourceVersion "1"]
[SourceVersionDate "2017.12.12"]
[SourceQuality "1"]
[WhiteTeam "Cyril i Metodije"]
[BlackTeam "Vreoci Turbina"]
[WhiteTeamCountry "SRB"]
[BlackTeamCountry "SRB"]

1. e4 c6 2. Nf3 d5 3. Nc3 dxe4 4. Nxe4 Nd7 5. d4 Ngf6 6. Bd3 Nxe4 7. Bxe4 Nf6 8. Qe2 Bg4 9. c3 Nxe4 10. Qxe4 Bxf3 11. Qxf3 e6 12. Qg3 Qd5 13. 0-0 0-0-0 14. Re1 Bd6 15. Bf4 Bxf4 16. Qxf4 Qd7 17. b4 Qc7 18. Qe3 Rd5 19. c4 Rf5 20. d5 exd5 21. cxd5 Rxd5 22. Qxa7 Rhd8 23. Qe3 Qd7 24. h3 Rd3 25. Qa7 Rd2 26. b5 Qd4 27. Qa8+ Kc7 28. Re7+ Rd7 29. Rxd7+ Qxd7 30. b6+ Kxb6 31. Rb1+ Kc5 32. Qa5+ Kc4 33. Qb4+ Kd3 34. Rb3+ 1-0

[Event "SRB-chT Central"]
[Site "Kraljevo"]
[Date "2011.09.21"]
[Round "6"]
[White "Dudukovic, Nikola"]
[Black "Nikolajevic, Branislav"]
[Result "1-0"]
[WhiteElo "2252"]
[BlackElo "2176"]
[PlyCount "159"]
[EventDate "2011.09.17"]
[EventType "team-tourn"]
[EventRounds "11"]
[EventCountry "SRB"]
[SourceTitle "CBM 144 Extra"]
[Source "ChessBase"]
[SourceDate "2011.10.28"]
[SourceVersion "1"]
[SourceVersionDate "2011.10.28"]
[SourceQuality "1"]
[WhiteTeam "Sloga"]
[BlackTeam "Ribnica"]
[WhiteTeamCountry "YUG"]
[BlackTeamCountry "YUG"]

1. e4 c5 2. Nc3 Nc6 3. g3 Rb8 4. Bg2 b5 5. d3 g6 6. f4 b4 7. Nce2 d6 8. Nf3 Bg7 9. 0-0 Nf6 10. h3 0-0 11. g4 Ne8 12. Ng3 Nd4 13. Kh2 Nc7 14. Nxd4 Bxd4 15. g5 Nb5 16. Ne2 Bh8 17. Bf3 f5 18. gxf6 Bxf6 19. Rg1 Kh8 20. Bg4 Nd4 21. Rf1 a5 22. Rb1 Bxg4 23. hxg4 Qd7 24. Nxd4 Bxd4 25. Bd2 Qe6 26. b3 d5 27. exd5 Qxd5 28. Qf3 Qxf3 29. Rxf3 a4 30. Re1 axb3 31. axb3 Ra8 32. Be3 Ra2 33. Bxd4+ cxd4 34. Rf2 Rc8 35. Ree2 Rc7 36. Kg3 Kg7 37. Kf3 Ra5 38. Re4 Rd5 39. Rfe2 Kf7 40. g5 Kf8 41. Re6 Rb5 42. Ke4 Rd7 43. Rc6 Kf7 44. Rc4 e5 45. fxe5 Rxe5+ 46. Kxe5 Re7+ 47. Kxd4 Rxe2 48. Rxb4 Rxc2 49. Rb5 Ke6 50. b4 Rg2 51. Rc5 Kd6 52. Kc3 Rg3 53. Kc4 Rg1 54. Ra5 Rg2 55. d4 Rc2+ 56. Kd3 Rb2 57. Kc3 Rg2 58. Re5 Rg1 59. b5 Rc1+ 60. Kd2 Rb1 61. Rc5 Rb3 62. Kc2 Rb4 63. Kc3 Rb1 64. Kd3 Rd1+ 65. Kc4 Rc1+ 66. Kb4 Rd1 67. Kc4 Rc1+ 68. Kb3 Rd1 69. Rc4 Rg1 70. Ka4 Rxg5 71. b6 Rg1 72. Kb5 Rb1+ 73. Rb4 Ra1 74. Ra4 Rb1+ 75. Ka6 g5 76. b7 g4 77. Ra5 g3 78. Rg5 Kc7 79. Rg7+ Kc6 80. Ka7 1-0

[Event "SRB-chT2 West"]
[Site "Serbia"]
[Date "2009.10.04"]
[Round "5.6"]
[White "Nikolajevic, Branislav"]
[Black "Rikalovic, Milan"]
[Result "0-1"]
[WhiteElo "2180"]
[BlackElo "2058"]
[PlyCount "48"]
[EventDate "2009.09.06"]
[EventType "team"]
[EventRounds "11"]
[EventCountry "SRB"]
[SourceTitle "EXT 2012"]
[Source "ChessBase"]
[SourceDate "2011.11.24"]
[SourceVersion "1"]
[SourceVersionDate "2011.11.24"]
[SourceQuality "1"]

1. e4 e5 2. Nf3 Nc6 3. Nc3 Nf6 4. Bb5 d6 5. d4 exd4 6. Nxd4 Bd7 7. 0-0 Be7 8. Bf4 0-0 9. Bxc6 Bxc6 10. e5 dxe5 11. Nxc6 bxc6 12. Bxe5 Bd6 13. Bg3 Rb8 14. Rb1 Qd7 15. Qf3 Rb6 16. Rfd1 Rd8 17. Na4 Rb5 18. c4 Rf5 19. Qe3 Ra5 20. b3 Qf5 21. c5 Re8 22. Qd2 Bxc5 23. Bxc7 Ne4 24. Qxa5 Qxf2+ 0-1

[Event "SRB-chT 1st League"]
[Site "Serbia"]
[Date "2005.09.26"]
[Round "2.1"]
[White "Sekulic, Dusan"]
[Black "Nikolajevic, Branislav"]
[Result "1/2-1/2"]
[WhiteElo "2366"]
[BlackElo "2121"]
[PlyCount "74"]
[EventDate "2005.09.25"]
[EventType "team"]
[EventRounds "11"]
[EventCountry "SRB"]
[SourceTitle "EXT 2012"]
[Source "ChessBase"]
[SourceDate "2011.11.24"]
[SourceVersion "1"]
[SourceVersionDate "2011.11.24"]
[SourceQuality "1"]
[WhiteTeam "Bozevac Zadrugar"]
[BlackTeam "Ribnica"]
[WhiteTeamCountry "SRB"]
[BlackTeamCountry "SRB"]

1. d4 Nf6 2. Nf3 e6 3. c4 Bb4+ 4. Nbd2 b6 5. a3 Bxd2+ 6. Qxd2 Bb7 7. e3 d6 8. Be2 Nbd7 9. 0-0 Qe7 10. Ne1 c5 11. b4 cxd4 12. Qxd4 e5 13. Qd1 0-0 14. f3 d5 15. Bb2 Rfd8 16. Qb3 Rac8 17. Rd1 Nf8 18. Nc2 Ng6 19. Rfe1 dxc4 20. Bxc4 Bd5 21. Bxd5 Rxd5 22. e4 Rxd1 23. Rxd1 Rd8 24. Ne3 h5 25. g3 Rxd1+ 26. Qxd1 Qc7 27. Qd3 h4 28. a4 Nh5 29. Kf2 hxg3+ 30. hxg3 Qc8 31. Nf5 Qc6 32. Qb3 a5 33. Bxe5 Qc1 34. Qc3 Nxe5 35. Qxe5 Qd2+ 36. Kf1 Qd1+ 37. Kf2 Qd2+ 1/2-1/2